000 00365nam a2200157Ia 4500
003 Ost
005 20260225132557.0
008 260225s9999||||xx |||||||||||||| ||und||
040 _cfsic
041 _afre
082 _a440
100 _aTabet,Emmanuelle
_eAuteur
245 0 _aConvaincre ,persuader ,argumenter /
245 0 _cTabet,Emmanuelle
942 _cكتاب
999 _c34543
_d34543